Представление документа в формате MARC21

ПолеНазваниеЗначение
  Тип записи a
  Библиографический уровень m
001 Контрольный номер RU/URAIT/585722
005 Дата корректировки 20260429163706.8
008 Кодируемые данные 260429s2026 RU y f j 000 0 rus u
020 Индекс ISBN __
a ISBN 978-5-534-19932-1
c Цена, тираж 1189.00
040 Источник каталогиз. __
a Служба первич. каталог. ИКО Юрайт
c Служба, преобразующая запись ИКО Юрайт
e Правила каталог. RCR
041 Код языка издания __
a Код языка текста rus
044 Код страны публикации __
a Код страны публикации RU
080 Индекс УДК __
a Индекс УДК 796(075.8)
084 Индекс другой классификации/Индекс ББК __
2 Источник индекса rubbk
a Индекс другой классификации/Индекс ББК 75я73
100 Автор __
a Автор Завьялова Т. А.
q Полное имя Завьялова Татьяна Александровна
245 Заглавие __
a Заглавие Теория и методика избранного вида спорта
b Продолж. заглавия учебник для вузов
c Ответственность Т. А. Завьялова [и др.] ; под редакцией С. Е. Шивринской.
250 Сведения об издании __
g испр. и доп
a Основные сведения об издании 3-е изд.
256 Характеристики компьютерного файла __
a Характеристики компьютерного файла Электрон. дан.
260 Выходные данные __
a Место издания Москва
b Издательство Юрайт
c Дата издания 2026
300 Физическое описание __
a Объем 207 с
440 Серия __
a Серия Высшее образование
500 Примечания __
a Примечание URL: https://urait.ru/bcode/585722 (дата обращения: 29.04.2026).
520 Аннотация __
a Аннотация В курсе представлены основы нормативно-правового регулирования процесса спортивной подготовки в избранном виде спорта, показаны общие научно-теоретические представления и особенности спортивного отбора и спортивной ориентации в различных видах спорта, даны определения основных видов спортивной подготовки, выделены общие положения и иллюстрирована специфика тренировочного процесса. Отдельная тема посвящена особенностям подготовки и проведения соревнований в беговых видах легкой атлетики, лыжных гонках и спортивных играх. Для студентов высших учебных заведений, а также преподавателей и слушателей центров и институтов повышения квалификации в области физической культуры и спорта.
538 Прим. о системных особенностях __
a Прим. о системных особенностях Режим доступа: Электронно-библиотечная система Юрайт, для авториз. пользователей
653 Ключевые слова __
a Ключевые слова Физическая культура
653 Ключевые слова __
a Ключевые слова Гуманитарные науки
653 Ключевые слова __
a Ключевые слова Теория и методика избранного вида спорта
653 Ключевые слова __
a Ключевые слова Теория и методика избранных видов спорта
653 Ключевые слова __
a Ключевые слова Технологии спортивной тренировки в избранном виде спорта
653 Ключевые слова __
a Ключевые слова Теория и методика избранного вида спорта (спортивные игры, гимнастика)
653 Ключевые слова __
a Ключевые слова Избранные виды спорта с методикой преподавания
653 Ключевые слова __
a Ключевые слова Теория и методика преподавания избранного вида спорта
700 Другие авторы __
a Другие авторы Кылосов А. А.
q Полное имя Кылосов Андрей Анатольевич
700 Другие авторы __
a Другие авторы Павлов Г. А.
q Полное имя Павлов Георгий Акимович
700 Другие авторы __
a Другие авторы Подосёнков А. Л.
q Полное имя Подосёнков Александр Львович
700 Другие авторы __
a Другие авторы Шарков Ю. П.
q Полное имя Шарков Юрий Петрович
700 Другие авторы __
a Другие авторы Шивринская С. Е.
q Полное имя Шивринская Светлана Евгеньевна
856 Электронный адрес документа 40
n Местонахождение сервера Юрайт
g Электронная книга
q Тип электронного формата html
h Имя пользователя ЮРАЙТ
v Часы доступа к ресурсу 20271231
2 Способ доступа Показать документ
x Служебное примечание https://urait.ru/book/cover/E46DB907-5176-471E-BEB6-98FED4E55F7E
u URL https://urait.ru/bcode/585722
856 Электронный адрес документа 48
q Тип электронного формата cover
u URL https://urait.ru/book/cover/E46DB907-5176-471E-BEB6-98FED4E55F7E
911 __
u 0030=https://urait.ru/bcode/585722
911 __
u 073a=9785534199321
u 073d=1189.00
911 __
u 106a=s
911 __
u 900l=
952 Тип литературы __
i Дисциплина Теория и методика избранного вида спорта
952 Тип литературы __
i Дисциплина Теория и методика избранных видов спорта
952 Тип литературы __
i Дисциплина Технологии спортивной тренировки в избранном виде спорта
952 Тип литературы __
i Дисциплина Теория и методика избранного вида спорта (спортивные игры, гимнастика)
952 Тип литературы __
i Дисциплина Избранные виды спорта с методикой преподавания
952 Тип литературы __
i Дисциплина Теория и методика преподавания избранного вида спорта